Statistics for Politics Ideology Revision - 9

Click here to take the quiz!

General Stats

  • This quiz has been taken 3 times
  • The average score is 2 of 10

Answer Stats

QuestionAnswer% Correct
Who became Prime Minister in 2010 and was seen as a Burkean conservative?David Cameron
100%
What has conservatism become increasingly linked with in recent years, as seen through and after the Brexit referendum?Nationalism
67%
New Right conservatives advocate for significant free-market economics with limited state involvement. In comparison, traditional conservatives have become more linked to what type of economics?Keynesian Economics
33%
What is the term given to the UK Labour party due to the belief that it should cooperate left-wing themes and values of fraternity, equality and social justice with right-wing themes such as 'family, faith and flag', by some thinkers?Blue Labour
0%
Traditional Conservatives believe that political power is wielded by those who are 'born to rule'. In comparison, New Riight conservatices believe that power should be wielded by talented?Individuals
0%
What type of conservatives are abivalent about society's existence claiming that it is the collection of atomised individuals rather than a collection of small communities?New Right Conservatives
0%
Conservatism has been able to survive for so long despite singificant falls in popularity which could have made it redundant due to it's ability to be persistent and?Pragmatic
0%
What theme became a subject of growing interest within conservatives due to the growing belief that liberal individualism was selfish and immoral?Society
0%
What type of conservatives have a skeptical view of human nature arising from the horros of supposedly idealistic movements?Traditional Conservatives
0%
The conservative ideology is most likely to have appeal in a time of economic, social and cultural?Volatility
0%

Score Distribution

Percentile by Number Answered

Percent of People with Each Score

Your Score History

You have not taken this quiz